| 000 | 00445nam a2200169 a 4500 | ||
|---|---|---|---|
| 001 | 0000-8625 | ||
| 003 | ELIB.Books | ||
| 008 | 110520 1970 | ||
| 035 | _a(ELIB.Books)0000-8771 | ||
| 082 |
_aB _bEva |
||
| 100 | _aEvans-Rogers, Dale | ||
| 245 | _aThe Woman At The Well | ||
| 260 |
_bOld Tappan: Fleming H.Revell Company _c1970 |
||
| 650 | _aBiography | ||
| 942 |
_2ddc _cBK |
||
| 998 |
_cbat _e2011-05-20 _mcat _u2019-07-03 |
||
| 999 |
_c8625 _d8625 |
||